Name The Country by Landmark! #2 - Statistics

General Stats
  • This quiz has been taken 22 times
  • The average score is 13 of 20
Answer Stats
Picture Answer % Correct
Peru
100%
Denmark
95%
Jordan
95%
Spain
95%
United Kingdom
95%
Saudi Arabia
89%
Singapore
89%
Turkey
89%
Cambodia
84%
Nepal
79%
Vatican City
79%
Armenia
63%
North Korea
63%
Czech Republic
53%
Belize
37%
Honduras
32%
Bosnia
26%
Turkmenistan
26%
Djibouti
5%
Ghana
5%
No matching quizzes found
Score Distribution
Percent of People with Each Score
Percentile by Number Answered
Your Score History
You have not taken this quiz